000
00294nam a22001217a 4500
008
180223b xxu||||| |||| 00| 0 eng d
041
_a
eng
080
_a
23
100
_a
52
101
_a
eco
245
_a
the econimic development of the american nation
_c
reginald.c.m
942
_2
udc
_c
BK
999
_c
43246
_d
43246